Frank Ocean Ivy lyrics - Statistics

General Stats
  • This quiz has been taken 1,452 times
  • The average score is 39 of 47
Answer Stats
Lyrics % Correct
I thought that I was {dreaming}
100%
I thought that I was {dreaming}
99%
When you said you {love} me
99%
When you said you {love} me
99%
The start of {nothing}
98%
The start of {nothing}
98%
The start of {nothing}
98%
I couldn't see you {coming}
97%
I couldn't see you {coming}
97%
When we both know that {deep} down
97%
When we both know that {deep} down
97%
I ain't a {kid} no more
94%
I could {hate} you now
94%
If I could {see} through walls
94%
The start of nothing ,ooh, I could {hate} you now
94%
We'll never be those {kids} again
93%
It's quite alright to hate {me} now
92%
We didn't give a {fuck} back then
92%
If you {could} see my thoughts
90%
I had no chance to {prepare}
90%
I had no chance to {prepare}
90%
It's {quite} alright to hate me now
87%
{back} then
85%
The feeling {still} deep down is good
85%
The feeling {still} deep down is good
85%
I broke your {heart} last week
84%
you would see our {faces}
82%
Did you {mean} to? {mean} to
80%
I could see you're {faking}
79%
No {matter} what I did
78%
You'll probably feel {better} by the weekend
76%
Everything {sucked} back then
75%
All the things I didn't mean to {say}
74%
We were {friends}
74%
We'd {drive} to Syd's, had the x6 back then
71%
I didn't mean to {do}
70%
{you} ain't a kid no more, we'll never be those kids again
70%
How much I {meant} to you, {meant} it sincere back then
68%
There were {things} you didn't need to say
68%
still remember, had you going {crazy}
67%
{screaming} my name, the feeling deep down is good
66%
It's not the {same}, ivory's illegal, don't you remember?
65%
Arms around your {shoulder} so I could tell
63%
My {waves} wouldn't dip back then
59%
Safe in my rental like an {armored} truck back then
59%
In the {halls} of your hotel
58%
We had time to {kill} back then
58%
No matching quizzes found
Score Distribution
Percent of People with Each Score
Percentile by Number Answered
Your Score History
You have not taken this quiz